Skyrmions : (Record no. 49722)
[ view plain ]
| 000 -LEADER | |
|---|---|
| fixed length control field | 03499nam a2200445 a 4500 |
| 003 - CONTROL NUMBER IDENTIFIER | |
| control field | WSP |
| 005 - DATE AND TIME OF LATEST TRANSACTION | |
| control field | 20260416153407.0 |
| 008 - FIXED-LENGTH DATA ELEMENTS--GENERAL INFORMATION | |
| fixed length control field | 220204s2022 nju ob 001 0 eng d |
| 020 ## - INTERNATIONAL STANDARD BOOK NUMBER | |
| International Standard Book Number | 9781800612488 |
| -- | (ebook) |
| 020 ## - INTERNATIONAL STANDARD BOOK NUMBER | |
| International Standard Book Number | 1800612486 |
| -- | (ebook) |
| 020 ## - INTERNATIONAL STANDARD BOOK NUMBER | |
| Cancelled/invalid ISBN | 9781800612471 |
| -- | (hbk.) |
| 020 ## - INTERNATIONAL STANDARD BOOK NUMBER | |
| Cancelled/invalid ISBN | 1800612478 |
| -- | (hbk.) |
| 072 #7 - SUBJECT CATEGORY CODE | |
| Subject category code | SCI |
| Subject category code subdivision | 103000 |
| Source | bisacsh |
| 072 #7 - SUBJECT CATEGORY CODE | |
| Subject category code | SCI |
| Subject category code subdivision | 051000 |
| Source | bisacsh |
| 072 #7 - SUBJECT CATEGORY CODE | |
| Subject category code | SCI |
| Subject category code subdivision | 040000 |
| Source | bisacsh |
| 082 04 - DEWEY DECIMAL CLASSIFICATION NUMBER | |
| Classification number | 539.7/4 |
| Edition number | 23 |
| 049 ## - LOCAL HOLDINGS (OCLC) | |
| Holding library | MAIN |
| 100 1# - MAIN ENTRY--PERSONAL NAME | |
| Personal name | Manton, Nicholas, |
| 245 10 - TITLE STATEMENT | |
| Title | Skyrmions : |
| Remainder of title | a theory of nuclei / |
| Statement of responsibility, etc | Nicholas S. Manton. |
| 260 ## - PUBLICATION, DISTRIBUTION, ETC. (IMPRINT) | |
| Place of publication, distribution, etc | Hackensack, N.J. : |
| Name of publisher, distributor, etc | World Scientific, |
| Date of publication, distribution, etc | 2022. |
| 300 ## - PHYSICAL DESCRIPTION | |
| Extent | 1 online resource (324 p.) |
| 505 0# - FORMATTED CONTENTS NOTE | |
| Contents | Introduction -- Fields and particles -- Lagrangians and symmetries -- Skyrme theory -- Quantization of Skyrmions -- Skyrmions with higher B : massless pions -- Rigid-body Skyrmion quantization -- Skyrmions with higher B : massive pions -- Quantized Skyrmions with even B [less than or equal to] 12 -- Skyrmion deformations and vibrations -- Modelling oxygen-16 -- Modelling calcium-40 -- Electromagnetic transition strengths -- Variants of Skyrme theory -- The Sakai-Sugimoto model. |
| 520 ## - SUMMARY, ETC. | |
| Summary, etc | "Skyrmions - A Theory of Nuclei surveys 60 years of research into the brilliant and imaginative idea of Tony Skyrme that atomic nuclei can be modelled as topologically stable states, known as Skyrmions, in an effective quantum field theory of pions. Skyrme theory emerges as a low-energy approximation to the more fundamental theory of quarks and gluons - quantum chromodynamics (QCD). Skyrmions give spatial structure to the protons and neutrons inside nuclei, and capture the interactions of these basic particles, allowing them to partially merge. Skyrme theory also gives a topological explanation for the conservation of baryon number, a fundamental principle of physics. The book summarises the particle and field theory background, then presents Skyrme field theory together with the mathematics needed to understand it. Many beautiful and surprisingly symmetric Skyrmions are described and illustrated in colour. Quantized Skyrmion motion models the momentum, energy and spin of nuclei, and also their isospin, the quantum number distinguishing protons and neutrons. Skyrmion vibrations also need to be quantized, and the book reviews how the complicated energy spectra of several nuclei, including Carbon-12 and Oxygen-16, are accurately modelled by rotational/vibrational states of Skyrmions. A later chapter explores variants of Skyrme theory, incorporating mesons heavier than pions, and extending the basic theory to include particles like kaons that contain strange quarks. The final chapter introduces the Sakai-Sugimoto model, which relates Skyrmions to gauge theory instantons in a higher-dimensional framework inspired by string theory"-- |
| 650 #0 - SUBJECT ADDED ENTRY--TOPICAL TERM | |
| Topical term or geographic name as entry element | Skyrme model. |
| 650 #0 - SUBJECT ADDED ENTRY--TOPICAL TERM | |
| Topical term or geographic name as entry element | Atomic structure. |
| 650 #0 - SUBJECT ADDED ENTRY--TOPICAL TERM | |
| Topical term or geographic name as entry element | Topology. |
| 650 #0 - SUBJECT ADDED ENTRY--TOPICAL TERM | |
| Topical term or geographic name as entry element | Nuclear physics |
| 650 #0 - SUBJECT ADDED ENTRY--TOPICAL TERM | |
| Topical term or geographic name as entry element | Quantum theory |
| 856 40 - ELECTRONIC LOCATION AND ACCESS | |
| Uniform Resource Identifier | <a href="https://www.worldscientific.com/worldscibooks/10.1142/q0368#t=toc">https://www.worldscientific.com/worldscibooks/10.1142/q0368#t=toc</a> |
| 942 ## - ADDED ENTRY ELEMENTS (KOHA) | |
| Koha item type | Electronic Books |
| 100 1# - MAIN ENTRY--PERSONAL NAME | |
| Dates associated with a name | 1952- |
| 504 ## - BIBLIOGRAPHY, ETC. NOTE | |
| Bibliography, etc | Includes bibliographical references and index. |
| 520 ## - SUMMARY, ETC. | |
| -- | Publisher's website. |
| 538 ## - SYSTEM DETAILS NOTE | |
| System details note | Mode of access: World Wide Web. |
| 538 ## - SYSTEM DETAILS NOTE | |
| System details note | System requirements: Adobe Acrobat Reader. |
| 650 #0 - SUBJECT ADDED ENTRY--TOPICAL TERM | |
| General subdivision | History. |
| 650 #0 - SUBJECT ADDED ENTRY--TOPICAL TERM | |
| General subdivision | History. |
| 655 #0 - INDEX TERM--GENRE/FORM | |
| Genre/form data or focus term | Electronic books. |
| Withdrawn status | Lost status | Source of classification or shelving scheme | Damaged status | Not for loan | Home library | Location | Date of Cataloging | Total Checkouts | Full call number | Barcode | Date last seen | Uniform Resource Identifier | Price effective from | Koha item type |
|---|---|---|---|---|---|---|---|---|---|---|---|---|---|---|
| Dewey Decimal Classification | CUTN Central Library | CUTN Central Library | 16/04/2026 | 539.7/4 | EB04996 | 16/04/2026 | https://doi.org/10.1142/q0368 | 16/04/2026 | Electronic Books |
